000 00530nam a22001817a 4500
005 20251108164131.0
008 250721s1995 xx 000 0 ara d
082 1 4 _a218,51/صعي
100 1 _aأبو صعيليك، محمد
245 1 0 _aفقه خطبة الجمعة /
264 1 _aعمان :
_bدار الفرقان للنشر والتوزيع،
_c1995.
300 _a72ص
650 1 7 _aالمواعظ
650 1 7 _aصلاة الجمعة
650 1 7 _aخطبة صلاة الجمعة
942 _2ddc
_cBK
999 _c4490
_d4490